000 01995cam a22003135i 4500
001 17352083
003 EG-ScBUE
005 20260124100506.0
008 120619t2013 nyua frb 001 0 eng d
020 _a9780387708065 (alk. paper)
020 _a0387708065 (alk. paper)
040 _aNLM
_beng
_erda
_cNLM
_dBTCTA
_dYDXCP
_dCDX
_dOCLCO
_dBWX
_dOHX
_dCFI
_dMUU
_dSDB
_dOCLCO
_dOCLCF
_dOCLCQ
_dOCLCO
_dDLC
_dEG-ScBUE
082 0 4 _222
_a572.860727
_bXUU
100 1 _aXu, Shizhong
_c(Geneticist)
_eauthor.
_939635
245 1 0 _aPrinciples of statistical genomics /
_cShizhong Xu.
264 1 _aNew York :
_bSpringer,
_c[2013]
264 4 _cc2013
300 _axv, 428 pages :
_billustrations (some color) ;
_c24 cm
336 _2rdacontent
_atext
_btxt
337 _aunmediated
_2rdamedia
_bn
338 _avolume
_bnc
_2rdacarrier
504 _aIncludes bibliographical references and index.
505 0 _aMap functions -- Recombination fraction -- Genetic map construction -- Multipoint analysis of Mendelian loci -- Basic concepts of quantitative genetics -- Major gene detection -- Segregation analysis -- Genome scanning for quantitative trait loci -- Interval mapping -- Interval mapping for ordinal traits -- Mapping segregation distortion loci -- QTL mapping in other populations -- Random model approach to QTL mapping -- Mapping QTL for multiple traits -- Bayesian multiple QTL mapping -- Empirical Bayesian QTL mapping -- Microarray differential expression analysis -- Hierarchical clustering of microarray data -- Model-based clustering of microarray data -- Gene-specific analysis of variances -- Factor analysis of microarray data -- Classification of tissue samples using microarrays -- Time-course microarray data analysis -- Quantitative trait-associated microarray data analysis -- Mapping expression quantitative trait loci.
650 7 _aGenomics
_xStatistical methods.
_2BUEsh
_939636
651 _2BUEsh
653 _bPPhrm
_cMarch2016
655 _vReading book
942 _2ddc
_cBB
999 _c21468
_d21440